| 000 | 00437nam 22001693 4500 | ||
|---|---|---|---|
| 001 | 32598 | ||
| 010 | _a3-540-18457-0 | ||
| 090 | _a32598 | ||
| 100 | _a20260318d u||y0pory50 ba | ||
| 101 | _aeng | ||
| 200 |
_aMultiprocessing in Meteorological Models _fG.R. Hoffmann _gD.F. Snelling |
||
| 210 |
_aNew York _cSpringer-Verlag _d1988 |
||
| 215 |
_a438 p. _d24 cm |
||
| 317 | _5INMG | ||
| 606 |
_xPrevisão Numérica _923786 |
||
| 801 | _gISBD | ||
| 942 | _n0 | ||